000 00690nam a2200205Ia 4500
003 GCL
008 140319s9999 xx 000 0 ara d
040 _aGCL /
_cGCL
082 0 4 _aش ف
_b791.43
_bح ح
100 1 _aحسن الامام
245 1 0 _aحب وكبرياء (شرائط فيديو) /
_cحسن الامام
260 _aالقاهرة :
_bافلام جمال الليثى للسينما والفيديو
300 _a1 شريط:
_bلو ؛
_c1\2 بوصة
490 _a
650 0 4 _aالافلام العربية
650 0 4 _aالفيديو، أشرطة
650 0 4 _aالتسجيلات المرئية
650 0 4 _aالافلام العاطفية
942 _2ddc
_cVM
999 _c33965
_d33965